Tribhuvan University Central Library

Computer graphics: (Record no. 115527)

MARC details
000 -LEADER
fixed length control field 00561nam a22001937a 4500
008 - FIXED-LENGTH DATA ELEMENTS--GENERAL INFORMATION
fixed length control field 240714b |||||||| |||| 00| 0 eng d
020 ## - INTERNATIONAL STANDARD BOOK NUMBER
International Standard Book Number 8122408745
041 ## - LANGUAGE CODE
Language code of text/sound track or separate title Eng.
082 ## - DEWEY DECIMAL CLASSIFICATION NUMBER
Classification number 006.6/As83c
100 ## - MAIN ENTRY--PERSONAL NAME
Personal name Asthana, R.G.S
245 ## - TITLE STATEMENT
Title Computer graphics:
Remainder of title For scientists and engineers/
Statement of responsibility, etc. R.G.S Asthana and N.K Sinha.
250 ## - EDITION STATEMENT
Edition statement 2nd.rev. ed.
260 ## - PUBLICATION, DISTRIBUTION, ETC.
Place of publication, distribution, etc. Nwe delhi:
Name of publisher, distributor, etc. New age international,
Date of publication, distribution, etc. 1996
300 ## - PHYSICAL DESCRIPTION
Extent vii,539p.:ill.
504 ## - BIBLIOGRAPHY, ETC. NOTE
Bibliography, etc. note Includes bibliography
650 ## - SUBJECT ADDED ENTRY--TOPICAL TERM
Topical term or geographic name entry element Computer graphics
9 (RLIN) 2137
700 ## - ADDED ENTRY--PERSONAL NAME
Personal name Singh, N.K.
942 ## - ADDED ENTRY ELEMENTS (KOHA)
Source of classification or shelving scheme Dewey Decimal Classification
Koha item type General Collections
Holdings
Withdrawn status Lost status Source of classification or shelving scheme Damaged status Not for loan Home library Current library Shelving location Date acquired Total Checkouts Full call number Barcode Date last seen Price effective from Koha item type
    Dewey Decimal Classification     Tribhuvan University Central Library Tribhuvan University Central Library New Building 07/14/2024   006.6/As83c G93006 07/14/2024 07/14/2024 General Collections